Statistiques concernant Culture Générale - Série 1222

Cliquez ici pour prendre le quiz!

Statistiques générales

  • Ce quiz a été pris 54 fois
  • Le résultat moyen est 5 sur 10

Statistiques - réponses

Question Réponse % Correct
Quel légume sert-on traditionnellement avec une sauce rémoulade, quand il est "rave" ?céleri
90%
Dans quel pays est enclavée la ville espagnole de Melilla ?Maroc
84%
Dans le domaine de la santé, que signifie le “P” du sigle C.P.A.M. ?Primaire
71%
Quelle actrice américaine, prénommée Judy, incarnait la jeune Dorothy Gale dans le film "Le Magicien d'Oz" en 1939 ?Judy Garland
71%
Quelle ancienne province serbe a proclamé son indépendance le 17 février 2008 ?Kosovo
65%
De quel département français l'île d'Yeu fait-elle partie ?Vendée
59%
Au XIVe siècle, quelle Loi héritée des Francs Saliens écarte Edouard III d'Angleterre du trône de France ?loi salique
41%
Quel mot, emprunté au tamoul "koppara", désigne l'amande de coco décortiquée et prête à être moulue pour en extraire l'huile ?coprah
22%
Quel écrivain français dénonce les excès du colonialisme dans “Voyage au Congo” en 1927 ?André Gide
16%
Quel chanteur a signé la musique originale du film "Tchao pantin" ?Charlélie Couture
2%

Distribution des résultats

Percentile par nombre de réponses

% des personnes avec chaque résultat

Votre développement - résultats

Vous n’avez pas pris ce quiz